000 00549nam a2200217Ia 4500
003 GCL
008 140319s9999 xx 000 0 eng d
040 _aGCL /
_cGCL
082 0 4 _a745.44
_bR C
100 1 _aRAWSON, JESSICA
245 1 0 _aCHINESE ORNAMENT:THE LOTUS AND DRAGON /
_cRAWSON, JESSICA
260 _a[S.N] :
_bHOLMES & MEIER PUBLISHERS ING ،
_c1984
300 _a240 P
650 0 4 _aART, CHINA
650 0 4 _aDESIGN
650 0 4 _aDECORATION
650 0 4 _aCHINESE ARTS
650 0 4 _aLOTUS
650 0 4 _aDRAGON
942 _2ddc
_cBK
999 _c20898
_d20898